Normal view
MARC view
Entry Personal Name
001 - CONTROL NUMBER
- control field: 349331
003 - CONTROL NUMBER IDENTIFIER
- control field: OSt
005 - DATE AND TIME OF LATEST TRANSACTION
- control field: 20220926044703.0
008 - FIXED-LENGTH DATA ELEMENTS
- fixed length control field: 220926|| aca||aabn | a|a d
040 ## - CATALOGING SOURCE
- Original cataloging agency: OSt
- Transcribing agency: OSt
100 ## - HEADING--PERSONAL NAME
- Personal name: Small First Word
670 ## - SOURCE DATA FOUND
- Source citation: Work cat.: (OSt)675535: Small First Word 349330, Small Scale Industry in the Far East, 1956
